Implementación de la propuesta de mejoras en el área de producción de la panadería Corazón de ORO de la ciudad de Masaya

Presenta la implementación de la propuesta de mejoras en el área de producción de la panadería Corazón de ORO de la ciudad de Masaya, mediante la elaboración de un diagnóstico de la situación actual de la empresa en términos de 8 aspectos claves tales como: la producción, calidad, finanzas...

Full description

Bibliographic Details
Main Authors: Ruiz López, Yader Martin, Potosme Gutiérrez, Yamil José, Mendoza Madriz, Douglas Ariel
Other Authors: Tutor: Fuentes Espinoza, Oscar Danilo
Format: Tesis Section = Libro
Language:Undetermined
Spanish
Published: Managua UNI 2015
Subjects:
LEADER 01448nam a2200289Ia 4500
008 240830s9999 xx 000 0 und d
040 |a BIBLIOTECA-RUPAP Mon 658.562 R934 
041 |a spa 
082 |a Mon 658.562 R934 
100 1 |a Ruiz López, Yader Martin 
100 1 |b  Potosme Gutiérrez, Yamil José 
100 1 |c  Mendoza Madriz, Douglas Ariel 
245 1 0 |a Implementación de la propuesta de mejoras en el área de producción de la panadería Corazón de ORO de la ciudad de Masaya 
260 |a Managua  |b UNI  |c 2015 
300 |a 113 p. :il. 
500 |a Contiene: anexos y CD. 
502 |a Tesis (Ingeniero Industrial)- UNI, 2015. 
520 3 |a Presenta la implementación de la propuesta de mejoras en el área de producción de la panadería Corazón de ORO de la ciudad de Masaya, mediante la elaboración de un diagnóstico de la situación actual de la empresa en términos de 8 aspectos claves tales como: la producción, calidad, finanzas, administración y recursos humanos mercadeo y ventas, logística de distribución y organización, higiene y seguridad ocupacional y orden y limpieza. 
650 7 |a CONTROL DE CALIDAD 
650 7 |b CALIDAD DE LOS PRODUCTOS 
650 7 |c CONTROL DE LA PRODUCCION 
650 7 |d CONTROL DE CALIDAD - NORMALIZACION 
650 7 |e ESTUDIO DE METODOS Y TIEMPO 
700 1 |a Tutor:  |b Fuentes Espinoza, Oscar Danilo 
942 |c BK  |2 ddc 
991 |a TESIS 
999 |c 17551